000 00298 a2200157 4500
001 174789
020 _a
040 _cMagnum
100 _aPaes, Jose Paulo
240 1 0 _aLe com cre
_lpor
245 1 0 _aLe com cre
362 0 _a1899
440 1 _aÁtica
697 _aIJ/POESIA
942 _cBK
999 _c174789
_d174789